000 00437nam a2200181Ia 4500
001 18803
005 20260306171657.0
008 260306s9999||||xx |||||||||||||| ||und||
041 _aESP
082 _a658.5
_bJ72
100 _aJones, James V.
_eAUT
245 0 _aIntegrated logistics support handbook
260 _c2006
300 _avarias paginaciones :
_c24 cm.
650 _aGEN
654 _aCAN
942 _cLIB
_dJUS
_fJUS
_2ddc
_n
999 _c18803
_d18803